[Event "1st 4NCL International U2050"]
[Site "Telford"]
[Date "2018.11.03"]
[Round "7"]
[White "De Coverly, Roger D"]
[Black "Aubury, Benjamin"]
[Result "1-0"]
[WhiteElo "1946"]
[BlackElo "1566"]
[Annotator "NA"]
[PlyCount "65"]
[EventDate "2018.10.31"]
[EventType "swiss"]
[EventCountry "GBR"]
[SourceTitle "playchess.com"]
[Source "ChessBase"]
[SourceQuality "1"]
[TimeControl "5400+30"]

1. e4 {[%emt 0:00:00]} c6 {[%emt 0:00:00]} 2. Nc3 {[%emt 0:00:00]} d5 {[%emt 0:00:04]} 3. Nf3 {[%emt 0:00:00]} Bg4 {[%emt 0:00:38]} 4. h3 {[%emt 0:00:13]} Bxf3 {[%emt 0:00:10]} 5. Qxf3 {[%emt 0:00:06]} Nf6 {[%emt 0:00:13]} 6. d3 {[%emt 0:01:31]} e6 {[%emt 0:01:15]} 7. Be2 {[%emt 0:01:32]} Nbd7 {[%emt 0:01:32] B11: Caro-Kann: Two Knights Variation} 8. O-O {[%emt 0:02:36]} (8. Qg3 g6 9. h4 h5 10. O-O Bg7 11. Bf4 Qb6 12. Rab1 Rc8 13. Bf3 Bh6 14. Bxh6 Rxh6 15. Rfe1 {1-0 (30) Mamedov,R (2709)-Dreev,A (2653) Riadh 2017}) 8... Bb4 {[%emt 0:02:51]} 9. Qg3 {[%emt 0:03:25]} Bxc3 {[%emt 0:03:02]} 10. bxc3 {[%emt 0:00:12]} dxe4 {[%emt 0:01:43]} 11. Qxg7 {[%emt 0:01:12]} Rg8 {[%emt 0:00:24]} 12. Qh6 {[%emt 0:01:02]} Qa5 {[%emt 0:00:46]} 13. Bd2 {[%emt 0:05:17]} exd3 $146 {[%emt 0:03:15]} ({Predecessor:} 13... O-O-O 14. c4 Qf5 15. Qe3 Rg6 16. dxe4 Nxe4 {½-½ (26) Soloviev,V-Flohr,S Moscow (Russia) 1955}) 14. cxd3 {[%emt 0:01:46]} Qd5 {[%emt 0:00:28]} 15. g3 {[%emt 0:02:43]} Rg6 {[%emt 0:03:24]} 16. Qe3 {[%emt 0:00:48]} Qf5 {[%emt 0:03:15]} 17. Kh2 {[%emt 0:03:44]} Nd5 {[%emt 0:01:54]} 18. Qf3 {[%emt 0:03:09]} Qxf3 {[%emt 0:00:53]} 19. Bxf3 {[%emt 0:00:06]} Ne5 {[%emt 0:00:25]} 20. Be2 {[%emt 0:03:02]} Nf6 {[%emt 0:04:10]} 21. f4 {[%emt 0:02:00]} Ned7 {[%emt 0:00:35]} 22. g4 {[%emt 0:08:44]} e5 {[%emt 0:07:00]} 23. g5 {[%emt 0:05:01]} Nd5 {[%emt 0:03:22]} 24. Bh5 {[%emt 0:01:53]} Rg7 {[%emt 0:00:43]} 25. fxe5 {[%emt 0:01:25]} Nxe5 {[%emt 0:01:49]} 26. Rae1 {[%emt 0:00:37]} O-O-O {[%emt 0:01:29]} 27. Rxe5 {[%emt 0:00:40]} Nb6 {[%emt 0:01:05]} 28. Bg4+ {[%emt 0:02:56]} Kb8 {[%emt 0:00:17]} 29. Bf4 {[%emt 0:01:49]} Ka8 {[%emt 0:00:12]} 30. d4 {[%emt 0:00:33]} Nc4 $18 {[%emt 0:00:20]} 31. Re7 {[%emt 0:00:59]} a5 {[%emt 0:00:50]} 32. Be5 {[%emt 0:02:08]} Rxg5 {[%emt 0:00:38]} 33. Rfxf7 {[%emt 0:01:34]} 1-0

[Event "1st 4NCL International U2050"]
[Site "Telford"]
[Date "2018.11.03"]
[Round "7"]
[White "Truman, Richard G"]
[Black "Gostelow, David W"]
[Result "1/2-1/2"]
[WhiteElo "1902"]
[BlackElo "1892"]
[Annotator "NA"]
[PlyCount "46"]
[EventDate "2018.10.31"]
[EventType "swiss"]
[EventCountry "GBR"]
[SourceTitle "playchess.com"]
[Source "ChessBase"]
[SourceQuality "1"]
[TimeControl "5400+30"]

1. d4 {[%emt 0:00:12]} d5 {[%emt 0:00:00]} 2. c4 {[%emt 0:00:09]} c6 {[%emt 0:00:00]} 3. Nf3 {[%emt 0:00:12]} Nf6 {[%emt 0:00:00]} 4. Nc3 {[%emt 0:01:07]} Bf5 {[%emt 0:00:00]} 5. cxd5 {[%emt 0:03:19]} Nxd5 {[%emt 0:01:59]} 6. Nh4 {[%emt 0:34:47] D15: Slav Defence: 4 Nc3 a6 and gambit lines after 4 Nc3 dxc4} (6. e3 e6 7. Bc4 Bg6 8. Ne5 Nd7 9. Nxg6 hxg6 10. g3 N5b6 11. Bb3 Qg5 12. e4 Qh5 13. Be3 Qxd1+ 14. Rxd1 Nf6 15. Ke2 {1-0 (31) Kuzubov,Y (2636)-Radibratovic,P (2327) Kragujevac 2015}) 6... e6 $146 {[%emt 0:09:20]} ({Predecessor:} 6... Bc8 7. e4 Nxc3 8. bxc3 e5 9. Nf3 exd4 10. cxd4 Bb4+ 11. Bd2 Qa5 12. Rb1 Bxd2+ 13. Qxd2 Qxd2+ 14. Kxd2 {1-0 (34) Pileckis,E (2457)-Labeckas,K (2348) Vilnius 2014}) 7. Nxf5 {[%emt 0:00:22]} exf5 {[%emt 0:00:05]} 8. g3 {[%emt 0:01:34]} Na6 {[%emt 0:09:05]} 9. Bg2 {[%emt 0:00:15]} Nac7 {[%emt 0:00:46]} 10. O-O {[%emt 0:00:51]} g6 {[%emt 0:02:29]} 11. e4 {[%emt 0:03:02]} fxe4 {[%emt 0:03:49]} 12. Nxe4 {[%emt 0:00:17]} Bg7 {[%emt 0:16:39]} 13. Nc5 {[%emt 0:03:23]} Rb8 {[%emt 0:01:27]} 14. Re1+ {[%emt 0:00:53]} Kf8 {[%emt 0:00:17]} 15. h4 {[%emt 0:17:41]} h6 {[%emt 0:06:34]} 16. Bh3 {[%emt 0:00:38]} Kg8 {[%emt 0:05:54]} 17. Nd7 {[%emt 0:00:44]} Ra8 {[%emt 0:00:12]} 18. Ne5 {[%emt 0:00:19]} Qd6 $1 {[%emt 0:10:47]} 19. h5 {[%emt 0:03:30]} Bxe5 {[%emt 0:04:58]} 20. dxe5 {[%emt 0:00:08]} Qe7 {[%emt 0:00:44]} 21. Qg4 {[%emt 0:01:55]} Kh7 {[%emt 0:02:06]} 22. Bd2 {[%emt 0:01:51]} Rhg8 $16 {[%emt 0:01:09]} 23. Rad1 {[%emt 0:04:23]} Rae8 {[%emt 0:00:37]} 1/2-1/2

[Event "1st 4NCL International U2050"]
[Site "Telford"]
[Date "2018.11.03"]
[Round "7"]
[White "Ansari, Athar"]
[Black "Somton, Anita"]
[Result "0-1"]
[WhiteElo "1898"]
[BlackElo "1795"]
[Annotator "NA"]
[PlyCount "50"]
[EventDate "2018.10.31"]
[EventType "swiss"]
[EventCountry "GBR"]
[SourceTitle "playchess.com"]
[Source "ChessBase"]
[SourceQuality "1"]
[TimeControl "5400+30"]

1. e4 {[%emt 0:00:00]} c6 {[%emt 0:00:00]} 2. d4 {[%emt 0:00:00]} d5 {[%emt 0:00:06]} 3. Nc3 {[%emt 0:01:18]} dxe4 {[%emt 0:00:19]} 4. Nxe4 {[%emt 0:00:19]} Bf5 {[%emt 0:00:23]} 5. Ng3 {[%emt 0:02:07]} Bg6 {[%emt 0:00:12]} 6. Nf3 {[%emt 0:01:17]} Nd7 {[%emt 0:00:30]} 7. Be2 {[%emt 0:02:57]} e6 {[%emt 0:01:51]} 8. O-O {[%emt 0:00:12]} Bd6 {[%emt 0:04:21]} 9. Nd2 {[%emt 0:00:45]} Ngf6 {[%emt 0:06:43]} 10. f4 {[%emt 0:00:16]} O-O {[%emt 0:05:30]} 11. Nc4 {[%emt 0:00:08]} Bc7 {[%emt 0:04:56]} 12. Ne5 {[%emt 0:00:23]} Nxe5 {[%emt 0:02:43]} 13. fxe5 {[%emt 0:01:04]} Nd5 {[%emt 0:01:45]} 14. c3 {[%emt 0:01:40] [#]} c5 $1 {[%emt 0:03:03]} 15. Bf3 {[%emt 0:02:55]} cxd4 {[%emt 0:02:29]} 16. cxd4 {[%emt 0:01:05]} Bb6 {[%emt 0:00:50]} 17. Be4 {[%emt 0:02:42]} Rc8 {[%emt 0:04:31]} 18. Bxg6 {[%emt 0:00:15]} fxg6 $19 {[%emt 0:03:00]} 19. Rxf8+ {[%emt 0:03:53]} Qxf8 {[%emt 0:00:31]} 20. Qg4 {[%emt 0:00:30]} Rc2 {[%emt 0:10:16]} 21. Ne2 {[%emt 0:05:18]} h5 {[%emt 0:07:25]} 22. Qxe6+ {[%emt 0:00:11]} Kh7 {[%emt 0:00:39]} 23. Qxd5 {[%emt 0:04:47]} Rxe2 {[%emt 0:00:25]} 24. Be3 {[%emt 0:02:29]} Rxe3 {[%emt 0:01:25]} 25. Qc4 {[%emt 0:01:04]} Rxe5 {[%emt 0:01:18]} 0-1

[Event "1st 4NCL International U2050"]
[Site "Telford"]
[Date "2018.11.03"]
[Round "7"]
[White "Bryant, Richard B E"]
[Black "Ward, Andrew"]
[Result "1-0"]
[WhiteElo "1854"]
[BlackElo "1790"]
[Annotator "NA"]
[PlyCount "67"]
[EventDate "2018.10.31"]
[EventType "swiss"]
[EventCountry "GBR"]
[SourceTitle "playchess.com"]
[Source "ChessBase"]
[SourceQuality "1"]
[TimeControl "5400+30"]

1. e4 {[%emt 0:00:00]} d6 {[%emt 0:00:00]} 2. d4 {[%emt 0:00:00]} Nf6 {[%emt 0:00:00]} 3. Nc3 {[%emt 0:00:33]} Nbd7 {[%emt 0:00:00]} 4. f4 {[%emt 0:01:47]} e5 {[%emt 0:00:00] B07: Pirc-Ufimzew-Verteidigung} 5. dxe5 {[%emt 0:00:48]} (5. Nf3 exd4 6. Nxd4 g6 7. Be2 Bg7 8. O-O O-O 9. Bf3 Re8 10. h3 c6 11. Kh1 Qc7 12. a4 a5 13. b3 Nc5 14. Re1 {0-1 (30) Volokitin,A (2628)-Bortnyk,O (2610) Riadh 2017}) 5... dxe5 {[%emt 0:00:05]} 6. Nf3 {[%emt 0:00:15]} Bb4 {[%emt 0:05:24]} ({Black should play} 6... Bd6 $11) 7. fxe5 {[%emt 0:02:36]} Nxe4 {[%emt 0:00:07]} 8. Qd4 {[%emt 0:00:50]} Bxc3+ {[%emt 0:05:07]} 9. bxc3 {[%emt 0:00:07]} Nec5 {[%emt 0:00:04]} 10. Ba3 $146 {[%emt 0:02:02]} ({Vorgänger:} 10. Bg5 Ne6 11. Bxd8 Nxd4 12. cxd4 Kxd8 {1-0 (26) Arp,F (2091)-Broekmeulen,J (1999) Roosendaal 2012}) 10... Ne6 {[%emt 0:04:06]} 11. Qe3 {[%emt 0:01:57]} c5 {[%emt 0:00:32]} 12. Bd3 {[%emt 0:03:42]} Qa5 {[%emt 0:01:19]} 13. Bb2 {[%emt 0:00:15]} Qb6 {[%emt 0:00:34]} 14. Rb1 {[%emt 0:00:35]} c4 {[%emt 0:00:40]} 15. Qxb6 {[%emt 0:00:30]} Nxb6 {[%emt 0:00:05]} 16. Bf5 {[%emt 0:02:54]} Ng5 {[%emt 0:14:54]} (16... O-O $15) 17. Nd4 {[%emt 0:06:00]} O-O {[%emt 0:01:24]} 18. O-O {[%emt 0:03:21]} Re8 {[%emt 0:01:07]} 19. Rbe1 {[%emt 0:02:40]} Na4 {[%emt 0:05:23]} 20. Bc1 {[%emt 0:01:38]} Ne6 {[%emt 0:01:06]} 21. Nb5 {[%emt 0:01:08]} Rd8 {[%emt 0:00:40]} 22. Nd6 {[%emt 0:11:58]} Nxc3 {[%emt 0:02:12]} 23. Rf3 $11 {[%emt 0:09:27]} (23. Bb2 $16 Na4 24. Ba3) 23... Nd5 {[%emt 0:00:23]} 24. Be4 {[%emt 0:02:33]} Nb6 {[%emt 0:01:48]} 25. Nxf7 {[%emt 0:03:11]} Rf8 {[%emt 0:04:53]} 26. Ref1 {[%emt 0:00:58]} Bd7 {[%emt 0:00:40]} 27. Bxb7 {[%emt 0:04:47]} Rab8 {[%emt 0:00:23]} 28. Ba3 {[%emt 0:01:42]} Nd4 {[%emt 0:00:28]} 29. Nh6+ {[%emt 0:00:59]} gxh6 {[%emt 0:00:19]} 30. Rf4 {[%emt 0:00:07]} Rf7 31. Rxf7 {[%emt 0:00:29]} Rc8 {[%emt 0:00:10]} 32. Rf8+ Rxf8 {[%emt 0:01:00]} 33. Rxf8+ {[%emt 0:00:42]} Kg7 {[%emt 0:00:04]} 34. Rf2 {[%emt 0:02:11]} 1-0

[Event "1st 4NCL International U2050"]
[Site "Telford"]
[Date "2018.11.03"]
[Round "7"]
[White "Walley, A Clive"]
[Black "Hughes, Peter"]
[Result "1/2-1/2"]
[WhiteElo "1846"]
[BlackElo "1874"]
[Annotator "NA"]
[PlyCount "66"]
[EventDate "2018.10.31"]
[EventType "swiss"]
[EventCountry "GBR"]
[SourceTitle "playchess.com"]
[Source "ChessBase"]
[SourceQuality "1"]
[TimeControl "5400+30"]

1. e4 {[%emt 0:00:00]} c5 {[%emt 0:00:00]} 2. Nf3 {[%emt 0:00:00]} g6 {[%emt 0:00:00]} 3. d4 {[%emt 0:00:00]} cxd4 {[%emt 0:00:00]} 4. Nxd4 {[%emt 0:00:00]} Bg7 {[%emt 0:00:27] LiveBook: 1076 Games} 5. c4 {[%emt 0:00:14]} Nc6 {[%emt 0:00:33]} 6. Be3 {[%emt 0:00:09]} Nf6 {[%emt 0:01:09]} 7. Nc3 {[%emt 0:00:07]} Ng4 {[%emt 0:03:47]} 8. Qxg4 {[%emt 0:00:46]} Nxd4 {[%emt 0:00:44]} 9. Qd1 {[%emt 0:00:38]} e5 {[%emt 0:00:59]} 10. Qd2 {[%emt 0:05:34]} d6 {[%emt 0:06:59]} 11. Bd3 {[%emt 0:20:37]} Be6 {[%emt 0:02:15]} 12. O-O {[%emt 0:05:03]} O-O {[%emt 0:02:31]} 13. Rad1 {[%emt 0:06:58]} f5 {[%emt 0:14:26] B39: Sicilian: Maroczy Bind with 5...Bg7 and 7...Ng4} (13... a6 14. b3 Qh4 15. f3 h6 16. Qf2 Qxf2+ 17. Rxf2 Rfc8 18. Bxd4 exd4 19. Ne2 b5 20. cxb5 axb5 21. Bb1 {½-½ (49) Hirneise,T (2452)-Plat,V (2498) Pardubice 2016}) 14. f3 {[%emt 0:09:03]} Rc8 {[%emt 0:05:40]} 15. b3 {[%emt 0:02:14]} Qa5 $146 {[%emt 0:06:50]} ({Predecessor:} 15... f4 16. Bxd4 exd4 17. Ne2 Qg5 18. Bb1 Bh3 19. Rf2 Bd7 20. Nxd4 Qh4 21. Ne2 {1-0 (39) Tortarolo,M (2270)-Cirabisi,F (2125) Celle Ligure 1997}) 16. Bxd4 {[%emt 0:16:29]} exd4 {[%emt 0:00:09]} 17. Ne2 {[%emt 0:00:59]} Qc5 {[%emt 0:08:35]} 18. exf5 {[%emt 0:05:52]} Bxf5 {[%emt 0:04:17]} 19. Bxf5 {[%emt 0:03:04]} Rxf5 {[%emt 0:01:03]} 20. Nxd4 {[%emt 0:06:24]} Re8 {[%emt 0:03:56]} 21. Kh1 {[%emt 0:01:59]} Rfe5 $16 {[%emt 0:04:52]} 22. f4 {[%emt 0:04:15]} Re4 {[%emt 0:05:36]} 23. Nb5 {[%emt 0:01:45]} Re2 {[%emt 0:02:46]} 24. Qxd6 {[%emt 0:00:59]} Qe3 {[%emt 0:05:56]} 25. Nc7 {[%emt 0:02:10]} Rf8 {[%emt 0:01:58]} 26. Qd5+ {[%emt 0:02:13]} Kh8 {[%emt 0:00:19]} 27. g3 {[%emt 0:01:06]} Rxa2 {[%emt 0:03:47]} 28. Qf3 {[%emt 0:01:03]} Qxf3+ {[%emt 0:02:39]} 29. Rxf3 {[%emt 0:00:02]} h5 {[%emt 0:03:18]} 30. Ne6 {[%emt 0:00:50]} Re8 {[%emt 0:01:54]} 31. Nxg7 {[%emt 0:01:32]} Kxg7 {[%emt 0:00:05]} 32. Rdf1 {[%emt 0:02:24]} Ree2 {[%emt 0:00:14]} 33. Rd1 {[%emt 0:00:44]} Kf6 {[%emt 0:06:52]} 1/2-1/2

[Event "1st 4NCL International U2050"]
[Site "Telford"]
[Date "2018.11.03"]
[Round "7"]
[White "Towers, Nigel S"]
[Black "Whitehead, Mark A"]
[Result "1/2-1/2"]
[WhiteElo "1843"]
[BlackElo "1945"]
[Annotator "NA"]
[PlyCount "58"]
[EventDate "2018.10.31"]
[EventType "swiss"]
[EventCountry "GBR"]
[SourceTitle "playchess.com"]
[Source "ChessBase"]
[SourceQuality "1"]
[TimeControl "5400+30"]

1. e4 {[%emt 0:00:00]} c5 {[%emt 0:04:38]} 2. Nf3 {[%emt 0:00:00]} e6 {[%emt 0:00:05]} 3. d4 {[%emt 0:00:00]} cxd4 {[%emt 0:00:12]} 4. Nxd4 {[%emt 0:00:00]} a6 {[%emt 0:00:09]} 5. Nc3 {[%emt 0:00:00]} Qc7 {[%emt 0:00:22]} 6. g3 {[%emt 0:00:19] LiveBook: 1523 Games} b5 {[%emt 0:00:33]} 7. Bg2 {[%emt 0:00:18]} Bb7 {[%emt 0:00:09]} 8. O-O {[%emt 0:00:28]} Bb4 {[%emt 0:00:54] B43: Sizilianisch (Paulsen-Variante)} (8... Nc6 $14) (8... Nf6 9. Re1 d6 10. a4 bxa4 11. Nd5 Nxd5 12. exd5 e5 13. c4 Be7 14. Qxa4+ Nd7 15. Nc6 Nc5 16. Qa3 Bxc6 17. dxc6 O-O 18. b4 {1-0 (37) Bakalchuk,J (2400)-Dzagnidze,N (2522) Caleta 2018}) 9. Nde2 {[%emt 0:00:53]} Ne7 {[%emt 0:01:00]} 10. Bf4 {[%emt 0:02:21]} e5 {[%emt 0:01:12]} 11. Bg5 $146 {[%emt 0:01:55]} ({Vorgänger:} 11. Be3 d6 12. a4 bxa4 13. Rxa4 Bxc3 14. Nxc3 Nd7 15. Qe2 {½-½ (24) Babula,M (2355)-Beil,Z (2340) Czechia 1993}) 11... f6 {[%emt 0:00:31]} 12. Be3 {[%emt 0:00:44]} O-O {[%emt 0:00:37]} 13. f4 {[%emt 0:05:01]} d6 {[%emt 0:02:04]} 14. Nd5 {[%emt 0:09:56]} (14. a3 $11 {keeps the balance.} Bc5 15. Bxc5 Qxc5+ 16. Kh1) 14... Nxd5 {[%emt 0:01:21]} 15. exd5 {[%emt 0:00:12]} Nd7 {[%emt 0:00:28]} 16. g4 {[%emt 0:10:26]} Rac8 {[%emt 0:01:09]} 17. Rc1 {[%emt 0:02:38]} Bc5 {[%emt 0:00:31]} 18. Qd2 {[%emt 0:01:17]} Bxe3+ {[%emt 0:00:31]} 19. Qxe3 {[%emt 0:00:08]} Qc5 {[%emt 0:00:08]} 20. Qxc5 {[%emt 0:00:40]} Nxc5 {[%emt 0:01:46]} 21. Ng3 {[%emt 0:05:51]} exf4 {[%emt 0:00:58]} 22. Nf5 {[%emt 0:01:27]} Rcd8 {[%emt 0:00:29]} 23. Rxf4 {[%emt 0:01:08]} Rfe8 {[%emt 0:00:57]} 24. c4 {[%emt 0:02:40]} Nd3 {[%emt 0:00:12]} 25. Rff1 {[%emt 0:00:35]} Nxc1 {[%emt 0:00:54]} 26. Rxc1 {[%emt 0:00:05]} g6 {[%emt 0:07:01]} 27. Nd4 {[%emt 0:00:49]} Rc8 $19 {[%emt 0:00:29]} 28. b3 {[%emt 0:01:10]} Kf7 {[%emt 0:01:32]} 29. Ne6 {[%emt 0:01:30]} Ba8 {[%emt 0:04:49]} 1/2-1/2

[Event "1st 4NCL International U2050"]
[Site "Telford"]
[Date "2018.11.03"]
[Round "7"]
[White "Wilson, Matthew R"]
[Black "Benson, Paul J"]
[Result "1/2-1/2"]
[WhiteElo "1820"]
[BlackElo "1912"]
[Annotator "NA"]
[PlyCount "51"]
[EventDate "2018.10.31"]
[EventType "swiss"]
[EventCountry "GBR"]
[SourceTitle "playchess.com"]
[Source "ChessBase"]
[SourceQuality "1"]
[TimeControl "5400+30"]

1. Nf3 {[%emt 0:04:49]} f5 {[%emt 0:00:30]} 2. b3 {[%emt 0:00:28]} d6 {[%emt 0:01:31]} 3. d4 {[%emt 0:00:12] A04: Unusual lines after 1 Nf3 and King's Indian Attack} Nf6 {[%emt 0:00:58]} 4. c4 {[%emt 0:00:59]} (4. Bb2 g6 5. e3 Bg7 6. Be2 O-O 7. O-O e6 8. c4 Qe7 9. Nc3 b6 10. Qc2 Bb7 11. Rfd1 Nbd7 12. b4 Ne4 13. d5 Nxc3 14. Bxc3 Bxc3 15. Qxc3 {1-0 (42) Shankland,S (2671)-Shabalov,A (2561) Greensboro 2017}) 4... g6 {[%emt 0:00:32]} 5. Nc3 {[%emt 0:00:45]} Bg7 {[%emt 0:00:28]} 6. Qc2 {[%emt 0:02:16]} O-O {[%emt 0:08:16]} 7. e3 {[%emt 0:00:34]} Nc6 {[%emt 0:03:09]} 8. a3 {[%emt 0:00:40]} e5 {[%emt 0:00:46]} 9. Be2 $146 {[%emt 0:05:30]} ({Predecessor:} 9. d5 Ne7 10. Bb2 h6 11. Be2 g5 12. Nd2 Bd7 13. f3 Ng6 14. O-O-O {1-0 (54) Gunkel,C (2090)-Erlbeck,P (2003) Bayern 2004}) 9... exd4 {[%emt 0:11:13]} 10. exd4 {[%emt 0:02:12]} Ng4 {[%emt 0:06:10]} 11. Be3 $2 {[%emt 0:10:33]} (11. h3 $14 {keeps the upper hand.}) 11... f4 {[%emt 0:02:02]} 12. Bd2 {[%emt 0:00:51]} Nxd4 {[%emt 0:01:59]} 13. Nxd4 {[%emt 0:00:03]} Bxd4 {[%emt 0:00:58]} 14. O-O {[%emt 0:01:26]} (14. Bxg4 {was necessary.} Bxg4 15. O-O) 14... Nxh2 {[%emt 0:18:17]} 15. Kxh2 $19 {[%emt 0:02:29]} Qh4+ {[%emt 0:00:20]} 16. Kg1 {[%emt 0:00:05]} f3 {[%emt 0:00:43]} 17. Bxf3 {[%emt 0:01:54]} Rxf3 {[%emt 0:01:43]} 18. gxf3 {[%emt 0:00:21]} Qg3+ {[%emt 0:02:16]} 19. Kh1 {[%emt 0:00:14]} Qxf3+ {[%emt 0:00:27]} 20. Kg1 {[%emt 0:03:13]} Bh3 {[%emt 0:00:20]} 21. Qe4 {[%emt 0:00:04]} Qg3+ {[%emt 0:15:26]} 22. Kh1 {[%emt 0:00:07]} Bxf2 {[%emt 0:00:13]} 23. Ne2 {[%emt 0:04:59]} Bg2+ {[%emt 0:03:29]} 24. Qxg2 {[%emt 0:01:08]} Qh4+ {[%emt 0:00:15]} 25. Qh2 {[%emt 0:01:09]} Qe4+ {[%emt 0:00:11]} 26. Qg2 {[%emt 0:00:33]} 1/2-1/2

[Event "1st 4NCL International U2050"]
[Site "Telford"]
[Date "2018.11.03"]
[Round "7"]
[White "Gogia, Armaan"]
[Black "Parry, Jacques"]
[Result "1-0"]
[WhiteElo "1808"]
[BlackElo "1625"]
[Annotator "NA"]
[PlyCount "81"]
[EventDate "2018.10.31"]
[EventType "swiss"]
[EventCountry "GBR"]
[SourceTitle "playchess.com"]
[Source "ChessBase"]
[SourceQuality "1"]
[TimeControl "5400+30"]

1. e4 {[%emt 0:00:00]} e5 {[%emt 0:00:00]} 2. Nf3 {[%emt 0:00:00]} Nc6 {[%emt 0:00:01]} 3. Bb5 {[%emt 0:00:00]} a6 {[%emt 0:00:34]} 4. Ba4 {[%emt 0:00:00]} d6 {[%emt 0:00:20]} 5. c3 {[%emt 0:00:43]} Nf6 {[%emt 0:01:57]} 6. Qe2 {[%emt 0:00:45]} Be7 $11 {[%emt 0:04:05] LiveBook: 89 Games} 7. h3 {[%emt 0:00:19]} O-O {[%emt 0:01:05]} 8. O-O {[%emt 0:02:06]} b5 {[%emt 0:03:00]} 9. Bb3 {[%emt 0:00:37]} Na5 {[%emt 0:01:19]} 10. Bc2 {[%emt 0:00:30]} c5 {[%emt 0:03:19]} 11. Rd1 {[%emt 0:02:03]} Bd7 {[%emt 0:03:39]} 12. d4 {[%emt 0:00:47]} Qc7 {[%emt 0:01:58]} 13. Be3 {[%emt 0:03:48]} cxd4 {[%emt 0:03:02]} 14. cxd4 {[%emt 0:00:38]} Nc4 {[%emt 0:01:12]} 15. Bc1 {[%emt 0:02:29]} Rac8 {[%emt 0:02:32]} 16. Bd3 {[%emt 0:05:35]} Qb8 {[%emt 0:07:10]} 17. Nbd2 {[%emt 0:04:34]} Nxd2 {[%emt 0:02:17]} 18. Bxd2 {[%emt 0:00:49]} Rfe8 {[%emt 0:03:33]} 19. d5 {[%emt 0:04:50]} Rf8 {[%emt 0:01:54]} 20. Kh1 {[%emt 0:02:46]} Ne8 {[%emt 0:02:56]} 21. g4 {[%emt 0:00:35]} g6 {[%emt 0:04:09]} 22. Rg1 {[%emt 0:05:00]} Qb6 {[%emt 0:01:52]} 23. Be3 {[%emt 0:14:34]} Qd8 {[%emt 0:00:21]} 24. Rg2 {[%emt 0:07:36]} Ng7 {[%emt 0:03:11]} 25. Rag1 {[%emt 0:04:04]} g5 {[%emt 0:04:46]} 26. Qd2 {[%emt 0:02:03]} h6 {[%emt 0:00:52]} 27. Rh2 {[%emt 0:02:59]} f6 {[%emt 0:01:58]} 28. h4 {[%emt 0:03:12]} Kf7 {[%emt 0:01:53]} 29. hxg5 {[%emt 0:00:43]} hxg5 {[%emt 0:00:28]} 30. Ne1 {[%emt 0:01:45]} Rh8 {[%emt 0:00:51]} 31. f3 {[%emt 0:00:11]} Rxh2+ {[%emt 0:03:28]} 32. Kxh2 {[%emt 0:00:09]} Qc7 {[%emt 0:02:46]} 33. Kg2 {[%emt 0:01:18]} Rh8 {[%emt 0:00:47]} 34. Nc2 {[%emt 0:01:10]} a5 {[%emt 0:05:14]} 35. Na3 {[%emt 0:01:37]} b4 {[%emt 0:02:26]} 36. Nc4 {[%emt 0:00:17]} Rb8 {[%emt 0:05:23]} 37. Rc1 {[%emt 0:00:49]} Qd8 {[%emt 0:01:16]} 38. Qf2 {[%emt 0:02:17]} Bb5 {[%emt 0:03:11]} 39. Bb6 {[%emt 0:05:51]} Rxb6 {[%emt 0:00:54]} 40. Nxb6 {[%emt 0:00:59]} Bd7 {[%emt 0:04:55]} 41. Bb5 {[%emt 0:04:13]} 1-0

[Event "1st 4NCL International U2050"]
[Site "Telford"]
[Date "2018.11.03"]
[Round "7"]
[White "Potter, Steven"]
[Black "Neatherway, A Philip"]
[Result "1-0"]
[WhiteElo "1771"]
[BlackElo "1813"]
[Annotator "NA"]
[PlyCount "69"]
[EventDate "2018.10.31"]
[EventType "swiss"]
[EventCountry "GBR"]
[SourceTitle "playchess.com"]
[Source "ChessBase"]
[SourceQuality "1"]
[TimeControl "5400+30"]

1. d4 {[%emt 0:00:00]} Nf6 {[%emt 0:00:00]} 2. Bg5 {[%emt 0:00:00]} d5 {[%emt 0:02:01]} 3. Bxf6 {[%emt 0:00:00]} exf6 {[%emt 0:00:04]} 4. e3 {[%emt 0:00:00]} g6 {[%emt 0:07:22] LiveBook: 175 Games} 5. Nf3 {[%emt 0:00:13]} Bg7 {[%emt 0:00:06]} 6. Nbd2 {[%emt 0:00:10] D03: 1 d4 d5 2 Nf3 Nf6 3 Bg5, including Torre Attack with early ...d5} f5 {[%emt 0:01:00]} 7. Rc1 {[%emt 0:00:59]} (7. c4 c6 8. cxd5 cxd5 9. Qb3 O-O 10. g3 a5 11. Bb5 Be6 12. O-O h6 13. Rac1 {1-0 (41) Dausch,R (2387)-Ivanov,M (2457) Germany 2005}) 7... Nc6 $146 {[%emt 0:05:26]} ({Predecessor:} 7... Qe7 8. Be2 O-O 9. a3 Nc6 10. c4 dxc4 11. Nxc4 Rd8 12. O-O f4 13. b4 fxe3 14. fxe3 {½-½ (35) Williams,V (1555)-Rees,S (1395) Cardiff 2009}) 8. c4 {[%emt 0:01:01]} f4 {[%emt 0:09:26]} 9. cxd5 {[%emt 0:03:02]} fxe3 {[%emt 0:00:07]} 10. dxc6 {[%emt 0:00:41]} exd2+ {[%emt 0:00:06]} 11. Qxd2 {[%emt 0:00:20]} O-O {[%emt 0:00:56]} 12. Be2 {[%emt 0:00:21]} Qd6 {[%emt 0:09:43]} 13. O-O {[%emt 0:01:21]} bxc6 {[%emt 0:01:07]} 14. Qc3 {[%emt 0:02:25]} Rb8 {[%emt 0:03:36]} 15. b3 {[%emt 0:00:56]} Rb6 {[%emt 0:05:57]} 16. Bc4 {[%emt 0:05:05]} Be6 {[%emt 0:04:59]} 17. Rfe1 {[%emt 0:05:40]} Bd5 {[%emt 0:15:05]} 18. Ne5 {[%emt 0:04:57]} Rd8 $16 {[%emt 0:09:26]} (18... Re8 $14) 19. Bxd5 {[%emt 0:04:56]} cxd5 {[%emt 0:10:42]} 20. Qxc7 {[%emt 0:04:36]} Bxe5 {[%emt 0:06:45]} 21. dxe5 {[%emt 0:02:23]} Qd7 {[%emt 0:00:17]} 22. g3 {[%emt 0:02:47]} Kf8 {[%emt 0:02:12]} 23. Red1 {[%emt 0:05:28]} Rb7 {[%emt 0:02:40]} 24. Qxd7 {[%emt 0:00:54]} Rbxd7 {[%emt 0:00:09]} 25. Rd4 {[%emt 0:00:22]} Ke7 {[%emt 0:00:08]} 26. f4 {[%emt 0:01:34]} h5 {[%emt 0:00:14]} 27. h4 {[%emt 0:00:16]} f6 {[%emt 0:01:17]} 28. exf6+ {[%emt 0:01:24]} Kxf6 {[%emt 0:00:06]} 29. Kf2 {[%emt 0:00:08]} Re8 {[%emt 0:01:45]} 30. Rc6+ {[%emt 0:01:22]} Kf5 {[%emt 0:00:37]} 31. Kf3 {[%emt 0:00:42]} Re1 {[%emt 0:00:20]} 32. Rc5 {[%emt 0:01:10]} Ke6 {[%emt 0:00:16]} 33. Ra5 {[%emt 0:02:21]} Rc1 {[%emt 0:01:32]} 34. Rd2 {[%emt 0:04:59]} Rc3+ {[%emt 0:00:21]} 35. Kg2 {[%emt 0:00:46]} 1-0